Kpop songs name in SPANISH - Statistics

General Stats
  • This quiz has been taken 32 times
  • The average score is 13 of 30
Answer Stats
Artist Meaning Answer % Correct
ITZY Crazy LOCO
90%
KARD Hello Hello Hola Hola
86%
MADEIN One UNO
76%
EVERGLOW Goodbye Adios
69%
SHINee Friend Amigo
69%
i-dle Miss Señorita
69%
IZ*ONE (Capital city of Argentina) Buenos Aires
62%
IZ*ONE Festival FIESTA
62%
T-ARA I love you TIAMO
59%
SUPERJUNIOR(ft. Leslie Grace) I'm sorry Lo Siento
55%
IZ*ONE Panoramic view Panorama
55%
OMEGA X Let's go VAMOS
55%
Weeekly The moon La Luna
52%
CHUNGHA Girl Chica
48%
TRI.BE Crazy LOCA
48%
NMIXX Dream Soñar (Breaker)
48%
KISS OF LIFE I love you Te Quiero
41%
IZ*ONE Purple Violeta
41%
Dreamcatcher Mouth BOCA
38%
GFRIEND I like you Me gusta tu
34%
GFRIEND Magician MAGO
31%
EXO (the lost city of gold) EL DORADO
24%
ONEUS Dance with me Baila Conmigo
21%
FIESTAR View VISTA
17%
SUPER JUNIOR Pretty lady MAMACITA
14%
Weki Meki Afternoon nap Siesta
14%
Rocket Punch Little girl Chiquita
10%
f(x) Dad Papi
3%
D.O If you were mine Si Fueras Mia
3%
PURPLE KISS Venom Ponzona
0%
No matching quizzes found
Score Distribution
Percent of People with Each Score
Percentile by Number Answered
Your Score History
You have not taken this quiz